| 000 | 00457nam a22001697a 4500 | ||
|---|---|---|---|
| 999 |
_c2038 _d2038 |
||
| 003 | SLTCLib | ||
| 008 | 260615b ce ||||| |||| 00| 0 eng d | ||
| 020 | _a9780128110355 | ||
| 041 | _aGerman | ||
| 080 |
_a658.62 _bKIR |
||
| 100 |
_aKiran, D.R. _93609 |
||
| 245 |
_aTotal Quality Management _bKey Concepts and case Studies |
||
| 260 |
_aAmsterdam _bBS Publications _c2017 |
||
| 300 | _a454p. | ||
| 650 | 0 |
_92509 _a Total quality management |
|
| 942 |
_2ddc _cMRE |
||
| 945 |
_a3725 _bIshara wickramage _c3725 _dIshara wickramage |
||